000 00662nam a22002297a 4500
005 20170124110049.0
010 _aA-706943
020 _c00.00
_a8120005678
035 _aA-706943
037 _bCen Lib/Ret
040 _aDPL
_bEN
082 _a658
_bMUM
100 _aMumford, Alan
_925108
245 _aDeveloping top managers /
_cby Alan Mumford
260 _bMetropolitan
_c1988
_aNew Delhi
270 _bNew Delhi
_a1, Netaji Subhash Marg
_e110002
300 _aix,242p.
_c20cm(Hb)
500 _aIncludes index
650 _aExecutives -- Training of
_925109
650 _aManagers -- Training
_925110
942 _2ddc
_cEN
_h658
_mMUM
999 _c129013
_d129013